000 00516nam a22001457a 4500
005 20250721105345.0
008 250721b |||||||| |||| 00| 0 eng d
050 _aTHE HD 30.17 .J36 2015
_bC. 1
100 _aBRENDAH , JAMES MORAA
245 _aAN ASSESSMENT OF THE EFFECT OF LEADERSHIP STYLES ON THE PERFORMANCE OF MICRO-FINANCE INSTITUTIONS IN KENYA
_bA CASE OF WAKENYA PAMOJA SACCO, KISII BRANCH
260 _aKISII
_bKSU
_c2015
300 _aXI, 28P.,ILL;
500 _aINCLUDES REFERENCES
942 _2lcc
_cREF
999 _c215944
_d215944